=LDR 00000nam 2200000 4500 =001 NUTBA000000000004053 =005 20140902104150.0 =006 =007 =008 =020 ##$$a 978-979-002-532-5 =035 ##$$a 0010-091400000000086 =040 ##$$a NBPDMAT =082 ##$$a 641.563 14 =084 ##$$a 641.563 14 Set m =100 ##$$a Setiawan Dalimantha =245 ##$$a makanan dan herbal untuk penderita diabetes melitas / $c dr Setiawan Dalimantha,Dr. Felix adrian =250 ##$$a Cet. 2 =260 ##$$a Jakarta : $b Penebar Swadaya, $c 2012 =300 ##$$a 140 hlm. : $b ilus. ; $c 21 cm. =500 ##$$a Bibliografi : hlm. 139 =650 ##$$a makanan dan kesehatan - penderiata-diabetes =990 ##$$a 21409117 =990 ##$$a 0001/BPAP-NTB/20142014 =990 ##$$a 0001/BPAP-NTB/20142014 =990 ##$$a 0001/BPAP-NTB/20142014 =990 ##$$a 0001/BPAP-NTB/20142014 =990 ##$$a 0001/BPAP-NTB/20142014